000 00325nam a22001457a 4500
003 SGT
020 _a938426663-9
082 _a612.015
_bCHI
100 _aCHIKHALE, HEMANT U.
245 _aA TEXTBOOK OF BIOCHEMISTRY
260 _aINDIA
_bBIRLA PUB.
_c2027
300 _a352
650 _aBIOCHEMISTRY
942 _2ddc
_cBK
999 _c32973
_d32973